[Event "Muensterland Verbandsliga 2526"]
[Site "Germany"]
[Date "2025.11.15"]
[Round "3"]
[Board "8"]
[White "Buescher, Constantin"]
[Black "Schoepper, Oliver"]
[Result "1/2-1/2"]
[WhiteElo "1576"]
[BlackElo "1729"]
[WhiteFideId "-1"]
[BlackFideId "-1"]
[PlyCount "83"]
[GameId "2247084136900048"]
[EventDate "2025.??.??"]
[EventType "team-tourn"]
[EventRounds "9"]
[EventCountry "GER"]
[SourceTitle "Verband Muensterland"]
[SourceDate "2025.11.13"]
[SourceVersion "1"]
[SourceVersionDate "2025.11.13"]
[SourceQuality "1"]
[WhiteTeam "Suedlohn II"]
[BlackTeam "Muenster SK IV"]
[WhiteTeamCountry "GER"]
[BlackTeamCountry "GER"]

1. e4 Nf6 2. e5 Nd5 3. d4 d6 4. c4 Nb6 5. f4 g6 6. Nf3 dxe5 7. fxe5 c5 8. d5 Bg4 9. h3 Bxf3 10. Qxf3 Bg7 11. Bf4 O-O 12. Nc3 N8d7 13. Qe3 e6 14. dxe6 fxe6 15. O-O-O Rxf4 16. Qxf4 Bxe5 17. Qf3 Qg5+ 18. Kb1 Rf8 19. Qg4 Qf6 20. Ne4 Qe7 21. Bd3 Rf4 22. Qg5 Qg7 23. Rhf1 h6 24. Qd8+ Rf8 25. Rxf8+ Nxf8 26. Rf1 Nbd7 27. b3 b6 28. g4 a5 29. g5 hxg5 30. Nxg5 Bf6 31. Nxe6 Bxd8 32. Nxg7 Kxg7 33. Re1 Kf7 34. Be4 Nf6 35. Bd5+ Nxd5 36. cxd5 Be7 37. a4 Bd6 38. Kc2 Kf6 39. Kd3 Be5 40. Ke4 Nd7 41. d6 Ke6 42. Rg1 1/2-1/2

[Event "Muensterland Verbandsliga 2526"]
[Site "Germany"]
[Date "2025.11.15"]
[Round "3"]
[Board "1"]
[White "Brands, Julian"]
[Black "Eiersbrock, Marko"]
[Result "0-1"]
[WhiteElo "1832"]
[BlackElo "1859"]
[WhiteFideId "-1"]
[BlackFideId "-1"]
[PlyCount "92"]
[GameId "2245136426856521"]
[EventDate "2025.??.??"]
[EventType "team-tourn"]
[EventRounds "9"]
[EventCountry "GER"]
[SourceTitle "Verband Muensterland"]
[SourceDate "2025.11.13"]
[SourceVersion "1"]
[SourceVersionDate "2025.11.13"]
[SourceQuality "1"]
[WhiteTeam "Gescher"]
[BlackTeam "Duelmen"]
[WhiteTeamCountry "GER"]
[BlackTeamCountry "GER"]

1. Nf3 Nf6 2. c4 c5 3. e3 g6 4. Nc3 Bg7 5. Be2 O-O 6. O-O d6 7. d4 cxd4 8. Nxd4 Nc6 9. Re1 Bd7 10. Rb1 a6 11. a3 Rc8 12. b3 d5 13. Nxd5 Nxd5 14. Nxc6 Bxc6 15. cxd5 Qxd5 16. Qxd5 Bxd5 17. Bb2 Bxb2 18. Rxb2 Rc3 19. Bf3 Bxf3 20. gxf3 Rd8 21. Kg2 f5 22. f4 Kf7 23. a4 b6 24. Ra1 Rdd3 25. Rab1 Ke6 26. Kf3 Kd5 27. Ke2 Kc5 28. b4+ Kc4 29. b5 a5 30. Rd2 Rxd2+ 31. Kxd2 Rd3+ 32. Ke2 Ra3 33. Rc1+ Kb4 34. Rc6 Kxa4 35. Rxb6 Rb3 36. Rb7 Rxb5 37. Rxe7 Kb3 38. Re5 Kc4 39. Kd2 Rb2+ 40. Kc1 Rxf2 41. Rxa5 Rxh2 42. Ra7 Kd3 43. Re7 h5 44. Re6 Rg2 45. Re7 h4 46. Rh7 Rg4 0-1

[Event "Muensterland Verbandsliga 2526"]
[Site "Germany"]
[Date "2025.11.15"]
[Round "3"]
[Board "2"]
[White "Loedding, Detlef"]
[Black "Lanfer, Stefan"]
[Result "1/2-1/2"]
[WhiteElo "1860"]
[BlackElo "1767"]
[WhiteFideId "-1"]
[BlackFideId "-1"]
[PlyCount "51"]
[GameId "2245150000877677"]
[EventDate "2025.??.??"]
[EventType "team-tourn"]
[EventRounds "9"]
[EventCountry "GER"]
[SourceTitle "Verband Muensterland"]
[SourceDate "2025.11.13"]
[SourceVersion "1"]
[SourceVersionDate "2025.11.13"]
[SourceQuality "1"]
[WhiteTeam "Duelmen"]
[BlackTeam "Gescher"]
[WhiteTeamCountry "GER"]
[BlackTeamCountry "GER"]

1. e4 c6 2. d4 d5 3. exd5 cxd5 4. Bd3 Nf6 5. c3 Nc6 6. Bf4 e6 7. Nf3 Bd6 8. Bxd6 Qxd6 9. O-O O-O 10. Re1 b6 11. Nbd2 Bb7 12. Ne5 Rac8 13. Ndf3 h6 14. Nxc6 Bxc6 15. Ne5 Nd7 16. Nxc6 Rxc6 17. Re3 f5 18. Bb5 Rc7 19. Bxd7 Rxd7 20. Qe2 Re7 21. Re1 Rfe8 22. Re5 g6 23. Qe3 Kg7 24. Qf4 Qd7 25. h4 Rf8 26. a3 1/2-1/2

[Event "Muensterland Verbandsliga 2526"]
[Site "Germany"]
[Date "2025.11.15"]
[Round "3"]
[Board "3"]
[White "Iking, Bernhard"]
[Black "Dieckerhoff, Stefan"]
[Result "1/2-1/2"]
[WhiteElo "1828"]
[BlackElo "1767"]
[WhiteFideId "-1"]
[BlackFideId "-1"]
[PlyCount "49"]
[GameId "2245147332767849"]
[EventDate "2025.??.??"]
[EventType "team-tourn"]
[EventRounds "9"]
[EventCountry "GER"]
[SourceTitle "Verband Muensterland"]
[SourceDate "2025.11.13"]
[SourceVersion "1"]
[SourceVersionDate "2025.11.13"]
[SourceQuality "1"]
[WhiteTeam "Gescher"]
[BlackTeam "Duelmen"]
[WhiteTeamCountry "GER"]
[BlackTeamCountry "GER"]

1. d4 Nf6 2. Nf3 d5 3. c4 e6 4. Nc3 Bb4 5. Bd2 c5 6. e3 O-O 7. dxc5 Bxc5 8. cxd5 Nxd5 9. Be2 Nc6 10. O-O a6 11. Rc1 Ba7 12. a3 Nce7 13. Qb3 b5 14. Rfd1 Qb6 15. Nxd5 exd5 16. Bb4 Re8 17. Bxe7 Rxe7 18. Qxd5 Bb7 19. Qd6 Qxd6 20. Rxd6 Rxe3 21. Bd1 Re7 22. Kf1 Rae8 23. Rd2 g5 24. Re2 Be4 25. Ne1 1/2-1/2

[Event "Muensterland Verbandsliga 2526"]
[Site "Germany"]
[Date "2025.11.15"]
[Round "3"]
[Board "4"]
[White "Rebber, Christian"]
[Black "Lanfer, Stefanie"]
[Result "1/2-1/2"]
[WhiteElo "1799"]
[BlackElo "1806"]
[WhiteFideId "-1"]
[BlackFideId "-1"]
[PlyCount "43"]
[GameId "2245145538842722"]
[EventDate "2025.??.??"]
[EventType "team-tourn"]
[EventRounds "9"]
[EventCountry "GER"]
[SourceTitle "Verband Muensterland"]
[SourceDate "2025.11.13"]
[SourceVersion "1"]
[SourceVersionDate "2025.11.13"]
[SourceQuality "1"]
[WhiteTeam "Duelmen"]
[BlackTeam "Gescher"]
[WhiteTeamCountry "GER"]
[BlackTeamCountry "GER"]

1. e4 c6 2. d4 d5 3. exd5 cxd5 4. Bd3 Nc6 5. c3 g6 6. Bf4 Bg7 7. Nf3 Nf6 8. h3 O-O 9. O-O Ne4 10. Nbd2 f5 11. Ne5 Bxe5 12. Bxe5 Nxe5 13. dxe5 Qb6 14. Qc2 Bd7 15. a4 Rac8 16. a5 Qc7 17. f4 Qc5+ 18. Kh2 e6 19. Nb3 Qe7 20. Nd4 Qh4 21. Bxe4 fxe4 22. g3 1/2-1/2

[Event "Muensterland Verbandsliga 2526"]
[Site "Germany"]
[Date "2025.11.15"]
[Round "3"]
[Board "5"]
[White "Robers, Frank"]
[Black "Gehlen, Horst"]
[Result "1-0"]
[WhiteElo "1679"]
[BlackElo "1601"]
[WhiteFideId "-1"]
[BlackFideId "-1"]
[PlyCount "95"]
[GameId "2245143781130334"]
[EventDate "2025.??.??"]
[EventType "team-tourn"]
[EventRounds "9"]
[EventCountry "GER"]
[SourceTitle "Verband Muensterland"]
[SourceDate "2025.11.13"]
[SourceVersion "1"]
[SourceVersionDate "2025.11.13"]
[SourceQuality "1"]
[WhiteTeam "Gescher"]
[BlackTeam "Duelmen"]
[WhiteTeamCountry "GER"]
[BlackTeamCountry "GER"]

1. Nf3 d5 2. g3 Nf6 3. d4 e6 4. Bg2 Be7 5. O-O O-O 6. b3 c5 7. e3 cxd4 8. Nxd4 e5 9. Nf3 Qc7 10. Bb2 Nc6 11. Nbd2 Bg4 12. h3 Bh5 13. g4 Bg6 14. c4 Rfd8 15. Qc1 Rac8 16. cxd5 Rxd5 17. Nc4 Bd3 18. Rd1 b5 19. Ncxe5 Rc5 20. Qd2 Be4 21. Nd3 Rd5 22. Qe2 Rcd8 23. Nf4 Rc5 24. Rac1 Nb4 25. Rxd8+ Bxd8 26. Rxc5 Qxc5 27. Bd4 Qc6 28. Ne5 Qc1+ 29. Kh2 Bxg2 30. Kxg2 a6 31. Nfd3 Nxd3 32. Qxd3 Bc7 33. Qc3 Qxc3 34. Bxc3 Ne4 35. Bd4 f6 36. Nd3 Bd6 37. f3 Ng5 38. e4 Ne6 39. Be3 Kf7 40. f4 g6 41. f5 Ng5 42. Bxg5 fxg5 43. e5 Bc7 44. Kf3 Bb6 45. Ke4 a5 46. fxg6+ Kxg6 47. Kd5 b4 48. Ke6 1-0

[Event "Muensterland Verbandsliga 2526"]
[Site "Germany"]
[Date "2025.11.15"]
[Round "3"]
[Board "6"]
[White "Sindermann, Erwin"]
[Black "Reichardt, Markus"]
[Result "1-0"]
[WhiteElo "1769"]
[BlackElo "1688"]
[WhiteFideId "-1"]
[BlackFideId "-1"]
[PlyCount "101"]
[GameId "2245141829062743"]
[EventDate "2025.??.??"]
[EventType "team-tourn"]
[EventRounds "9"]
[EventCountry "GER"]
[SourceTitle "Verband Muensterland"]
[SourceDate "2025.11.13"]
[SourceVersion "1"]
[SourceVersionDate "2025.11.13"]
[SourceQuality "1"]
[WhiteTeam "Duelmen"]
[BlackTeam "Gescher"]
[WhiteTeamCountry "GER"]
[BlackTeamCountry "GER"]

1. e4 c5 2. d4 cxd4 3. Qxd4 Nc6 4. Qd3 d6 5. Nc3 g6 6. Nf3 Bg7 7. Be2 Nf6 8. O-O Bg4 9. Nd5 O-O 10. c3 Nd7 11. Ne3 Nde5 12. Nxe5 Bxe2 13. Qxe2 Nxe5 14. Qb5 Qc8 15. f4 Qc6 16. Qe2 Nd7 17. Nd5 Rfe8 18. Nb4 Qc7 19. Be3 a5 20. Nc2 Qc6 21. Bf2 Rac8 22. Rfd1 Nc5 23. Bxc5 Qxc5+ 24. Qe3 b6 25. Rd5 Qxe3+ 26. Nxe3 Rc5 27. Rad1 Rec8 28. Kf2 b5 29. Rxc5 Rxc5 30. Rd5 Kf8 31. Rxc5 dxc5 32. Ke2 e6 33. Nc2 b4 34. cxb4 axb4 35. b3 Ke7 36. Kd3 Kd6 37. Kc4 Bb2 38. Ne1 Bc1 39. g3 Be3 40. Kd3 Bf2 41. Nf3 f6 42. g4 h6 43. e5+ Ke7 44. Ke2 Bd4 45. Nxd4 cxd4 46. Kd3 f5 47. g5 hxg5 48. fxg5 Kd7 49. Kxd4 Kc6 50. h4 Kd7 51. Kc5 1-0

[Event "Muensterland Verbandsliga 2526"]
[Site "Germany"]
[Date "2025.11.15"]
[Round "3"]
[Board "7"]
[White "Schweigert, Carsten"]
[Black "Ulunque Villazon, Humberto"]
[Result "0-1"]
[WhiteElo "1397"]
[BlackElo "1661"]
[WhiteFideId "-1"]
[BlackFideId "-1"]
[PlyCount "58"]
[GameId "2245139126231120"]
[EventDate "2025.??.??"]
[EventType "team-tourn"]
[EventRounds "9"]
[EventCountry "GER"]
[SourceTitle "Verband Muensterland"]
[SourceDate "2025.11.13"]
[SourceVersion "1"]
[SourceVersionDate "2025.11.13"]
[SourceQuality "1"]
[WhiteTeam "Gescher"]
[BlackTeam "Duelmen"]
[WhiteTeamCountry "GER"]
[BlackTeamCountry "GER"]

1. e4 c5 2. Nf3 Nc6 3. d4 cxd4 4. Nxd4 g6 5. Bc4 Bg7 6. Be3 Nf6 7. Nxc6 bxc6 8. Bd3 O-O 9. Nc3 d5 10. exd5 cxd5 11. Bd2 e5 12. O-O e4 13. Bb5 Be6 14. Re1 Qd6 15. g3 Rac8 16. Bf4 Qb4 17. Rb1 Rfd8 18. a3 Qc5 19. Qe2 Bg4 20. Qd2 Nh5 21. Be2 Bxc3 22. bxc3 Bxe2 23. Rxe2 Nxf4 24. Qxf4 Qxc3 25. Rb7 Rf8 26. Rxa7 Qd4 27. Rb7 Qd1+ 28. Kg2 Qxe2 29. Rb3 Rxc2 0-1

[Event "Muensterland Verbandsliga 2526"]
[Site "Germany"]
[Date "2025.11.15"]
[Round "3"]
[Board "8"]
[White "Nolting, Bodo"]
[Black "Kessler, Karl"]
[Result "1/2-1/2"]
[WhiteElo "1594"]
[BlackElo "1713"]
[WhiteFideId "-1"]
[BlackFideId "-1"]
[PlyCount "65"]
[GameId "2247084154238539"]
[EventDate "2025.??.??"]
[EventType "team-tourn"]
[EventRounds "9"]
[EventCountry "GER"]
[SourceTitle "Verband Muensterland"]
[SourceDate "2025.11.13"]
[SourceVersion "1"]
[SourceVersionDate "2025.11.13"]
[SourceQuality "1"]
[WhiteTeam "Duelmen"]
[BlackTeam "Gescher"]
[WhiteTeamCountry "GER"]
[BlackTeamCountry "GER"]

1. e4 e6 2. d4 d5 3. Nf3 Be7 4. Bd3 dxe4 5. Bxe4 Nf6 6. Bd3 O-O 7. O-O b6 8. Bf4 Bb7 9. Nbd2 Nbd7 10. Ne5 c5 11. c3 cxd4 12. cxd4 Nc5 13. Bxh7+ Kxh7 14. dxc5 Qd4 15. Bg3 Rad8 16. c6 Ba6 17. Qc2+ Bd3 18. Nxd3 Qxd3 19. Rac1 Kg8 20. c7 Qxd2 21. cxd8=Q Qxd8 22. Qc7 a5 23. Qb7 Bc5 24. Bh4 Qd4 25. Bxf6 gxf6 26. Rc3 Rd8 27. Rg3+ Kf8 28. Qf3 Qxb2 29. Rh3 Rd7 30. Rh6 Ke7 31. h4 Qe5 32. Rh5 Qb2 33. Rh6 1/2-1/2

[Event "Muensterland Verbandsliga 2526"]
[Site "Germany"]
[Date "2025.11.15"]
[Round "3"]
[Board "1"]
[White "Weist, Thorsten"]
[Black "Becker, Daniel"]
[Result "0-1"]
[WhiteElo "1734"]
[BlackElo "1825"]
[WhiteFideId "-1"]
[BlackFideId "-1"]
[PlyCount "62"]
[GameId "2247084170401492"]
[EventDate "2025.??.??"]
[EventType "team-tourn"]
[EventRounds "9"]
[EventCountry "GER"]
[SourceTitle "Verband Muensterland"]
[SourceDate "2025.11.13"]
[SourceVersion "1"]
[SourceVersionDate "2025.11.13"]
[SourceQuality "1"]
[WhiteTeam "Emsdetten Rochade II"]
[BlackTeam "Nienberge II"]
[WhiteTeamCountry "GER"]
[BlackTeamCountry "GER"]

1. d4 g6 2. Nf3 Bg7 3. c4 Nf6 4. Nc3 O-O 5. e4 d6 6. Be2 e5 7. d5 a5 8. O-O Na6 9. Ne1 Nc5 10. Qc2 Ne8 11. Be3 f5 12. f3 f4 13. Bf2 g5 14. Nd3 b6 15. a3 Rf7 16. b4 Nxd3 17. Qxd3 h5 18. c5 bxc5 19. bxc5 g4 20. Rab1 Qg5 21. Qb5 Bd7 22. Qb7 Rd8 23. Be1 g3 24. Nb5 Qh4 25. hxg3 fxg3 26. Bxg3 Qxg3 27. c6 Bh6 28. Rb3 Bf4 29. cxd7 Qh2+ 30. Kf2 Qh4+ 31. Kg1 Bh2+ 0-1

[Event "Muensterland Verbandsliga 2526"]
[Site "Germany"]
[Date "2025.11.15"]
[Round "3"]
[Board "2"]
[White "Bahr, Maximilian"]
[Black "Noering, Andreas"]
[Result "1/2-1/2"]
[WhiteElo "1772"]
[BlackElo "1802"]
[WhiteFideId "-1"]
[BlackFideId "-1"]
[PlyCount "22"]
[GameId "2247084170413782"]
[EventDate "2025.??.??"]
[EventType "team-tourn"]
[EventRounds "9"]
[EventCountry "GER"]
[SourceTitle "Verband Muensterland"]
[SourceDate "2025.11.13"]
[SourceVersion "1"]
[SourceVersionDate "2025.11.13"]
[SourceQuality "1"]
[WhiteTeam "Nienberge II"]
[BlackTeam "Emsdetten Rochade II"]
[WhiteTeamCountry "GER"]
[BlackTeamCountry "GER"]

1. e4 e5 2. Nc3 Nc6 3. Bc4 Nf6 4. d3 d6 5. Nge2 Be6 6. f3 h6 7. Be3 d5 8. exd5 Nxd5 9. Nxd5 Bxd5 10. Bxd5 Qxd5 11. Nc3 Bb4 1/2-1/2

[Event "Muensterland Verbandsliga 2526"]
[Site "Germany"]
[Date "2025.11.15"]
[Round "3"]
[Board "3"]
[White "Lehmann, Mona"]
[Black "Garrell, Damian"]
[Result "1-0"]
[WhiteElo "1869"]
[BlackElo "1792"]
[WhiteFideId "-1"]
[BlackFideId "-1"]
[PlyCount "43"]
[GameId "2247084170413784"]
[EventDate "2025.??.??"]
[EventType "team-tourn"]
[EventRounds "9"]
[EventCountry "GER"]
[SourceTitle "Verband Muensterland"]
[SourceDate "2025.11.13"]
[SourceVersion "1"]
[SourceVersionDate "2025.11.13"]
[SourceQuality "1"]
[WhiteTeam "Emsdetten Rochade II"]
[BlackTeam "Nienberge II"]
[WhiteTeamCountry "GER"]
[BlackTeamCountry "GER"]

1. e4 c5 2. Nf3 e6 3. c3 Nf6 4. e5 Nd5 5. d4 cxd4 6. cxd4 d6 7. Nc3 Nxc3 8. bxc3 Qc7 9. Bd2 Nd7 10. exd6 Bxd6 11. Bd3 O-O 12. O-O Nf6 13. Re1 b6 14. Ne5 Bb7 15. Re3 h6 16. Qe2 Kh8 17. Bc2 Rac8 18. Rh3 Bxe5 19. dxe5 Qc6 20. f3 Nd7 21. Bxh6 gxh6 22. Qd2 1-0

[Event "Muensterland Verbandsliga 2526"]
[Site "Germany"]
[Date "2025.11.15"]
[Round "3"]
[Board "4"]
[White "Wilmes, Niklas"]
[Black "Luecke, Thomas"]
[Result "0-1"]
[WhiteElo "1749"]
[BlackElo "1883"]
[WhiteFideId "-1"]
[BlackFideId "-1"]
[PlyCount "62"]
[GameId "2247084170413786"]
[EventDate "2025.??.??"]
[EventType "team-tourn"]
[EventRounds "9"]
[EventCountry "GER"]
[SourceTitle "Verband Muensterland"]
[SourceDate "2025.11.13"]
[SourceVersion "1"]
[SourceVersionDate "2025.11.13"]
[SourceQuality "1"]
[WhiteTeam "Nienberge II"]
[BlackTeam "Emsdetten Rochade II"]
[WhiteTeamCountry "GER"]
[BlackTeamCountry "GER"]

1. e4 c6 2. d3 d5 3. Bf4 dxe4 4. Nc3 exd3 5. Bxd3 Nf6 6. Qe2 Bg4 7. f3 Bh5 8. O-O-O Qa5 9. g4 Bg6 10. Bc4 Nbd7 11. h4 h5 12. g5 Ng8 13. Nh3 O-O-O 14. Nf2 e5 15. Bd2 Qc7 16. Kb1 Ne7 17. f4 Nf5 18. Qf3 Nd4 19. Qg3 Bxc2+ 20. Ka1 Bxd1 21. Rxd1 Nb6 22. Bf1 Nd5 23. fxe5 Nxc3 24. Qxc3 Ne6 25. Bh3 Kb8 26. Ne4 Be7 27. Rf1 Rhf8 28. a4 Qd7 29. Be3 Qd3 30. Bxa7+ Kxa7 31. Qa5+ Qa6 0-1

[Event "Muensterland Verbandsliga 2526"]
[Site "Germany"]
[Date "2025.11.15"]
[Round "3"]
[Board "5"]
[White "Fuhrmann, Andreas"]
[Black "Van de Vyle, Jan"]
[Result "0-1"]
[WhiteElo "1746"]
[BlackElo "1792"]
[WhiteFideId "-1"]
[BlackFideId "-1"]
[PlyCount "50"]
[GameId "2247084170413788"]
[EventDate "2025.??.??"]
[EventType "team-tourn"]
[EventRounds "9"]
[EventCountry "GER"]
[SourceTitle "Verband Muensterland"]
[SourceDate "2025.11.13"]
[SourceVersion "1"]
[SourceVersionDate "2025.11.13"]
[SourceQuality "1"]
[WhiteTeam "Emsdetten Rochade II"]
[BlackTeam "Nienberge II"]
[WhiteTeamCountry "GER"]
[BlackTeamCountry "GER"]

1. Nf3 Nc6 2. d4 d5 3. c4 Bg4 4. cxd5 Bxf3 5. gxf3 Qxd5 6. e3 e6 7. Nc3 Bb4 8. Bd2 Qd6 9. Bg2 Nge7 10. O-O Bxc3 11. bxc3 e5 12. Rb1 Rb8 13. f4 exd4 14. cxd4 O-O 15. Qc2 Nd5 16. Rfc1 Rfe8 17. Rb5 Nxf4 18. exf4 Nxd4 19. Qc4 Nxb5 20. Qxb5 Qxd2 21. Rxc7 Re1+ 22. Bf1 Qxf4 23. Rc4 Qf3 24. Rd4 Rbe8 25. Qd7 Rxf1+ 0-1

[Event "Muensterland Verbandsliga 2526"]
[Site "Germany"]
[Date "2025.11.15"]
[Round "3"]
[Board "6"]
[White "Van Ackeren, Franz"]
[Black "Gerighausen, Karl Heinz"]
[Result "1-0"]
[WhiteElo "1961"]
[BlackElo "1639"]
[WhiteFideId "-1"]
[BlackFideId "-1"]
[PlyCount "67"]
[GameId "2247084170413790"]
[EventDate "2025.??.??"]
[EventType "team-tourn"]
[EventRounds "9"]
[EventCountry "GER"]
[SourceTitle "Verband Muensterland"]
[SourceDate "2025.11.13"]
[SourceVersion "1"]
[SourceVersionDate "2025.11.13"]
[SourceQuality "1"]
[WhiteTeam "Nienberge II"]
[BlackTeam "Emsdetten Rochade II"]
[WhiteTeamCountry "GER"]
[BlackTeamCountry "GER"]

1. Nf3 Nf6 2. d4 a6 3. e3 d5 4. Bd3 e6 5. O-O c5 6. b3 cxd4 7. exd4 Be7 8. Nbd2 O-O 9. Bb2 b5 10. Ne5 Bb7 11. Re1 Nbd7 12. f4 Re8 13. Re3 Nf8 14. Qe2 Rc8 15. a3 Bd6 16. Rf1 Rc7 17. g4 g6 18. Rf2 Qb8 19. h4 h5 20. Rg3 Bxe5 21. fxe5 Nxg4 22. Rxg4 hxg4 23. Qxg4 Ree7 24. h5 Qe8 25. Nf1 Bc8 26. Bc1 Nh7 27. Bh6 Kh8 28. Rg2 f5 29. exf6 Nxf6 30. Qh4 g5 31. Bxg5 Nxh5 32. Bf6+ Rg7 33. Bg6 Kg8 34. Bxe8 1-0

[Event "Muensterland Verbandsliga 2526"]
[Site "Germany"]
[Date "2025.11.15"]
[Round "3"]
[Board "7"]
[White "Schulte, Ralf"]
[Black "Haas, Kai"]
[Result "1/2-1/2"]
[WhiteElo "1745"]
[BlackElo "1900"]
[WhiteFideId "-1"]
[BlackFideId "-1"]
[PlyCount "86"]
[GameId "2247084170413792"]
[EventDate "2025.??.??"]
[EventType "team-tourn"]
[EventRounds "9"]
[EventCountry "GER"]
[SourceTitle "Verband Muensterland"]
[SourceDate "2025.11.13"]
[SourceVersion "1"]
[SourceVersionDate "2025.11.13"]
[SourceQuality "1"]
[WhiteTeam "Emsdetten Rochade II"]
[BlackTeam "Nienberge II"]
[WhiteTeamCountry "GER"]
[BlackTeamCountry "GER"]

1. d4 c5 2. c3 cxd4 3. cxd4 Nf6 4. Nf3 g6 5. Nc3 Bg7 6. Qb3 O-O 7. e3 d6 8. Be2 Nc6 9. O-O Na5 10. Qd1 Bd7 11. b3 Rc8 12. Bb2 Qb6 13. Rc1 Rfe8 14. Qd2 Nc6 15. Rfd1 h6 16. Ba1 g5 17. Na4 Qd8 18. Nc3 Bf5 19. Bd3 Bg4 20. Be2 a6 21. Qe1 b5 22. h3 Bf5 23. Bd3 Bxd3 24. Rxd3 d5 25. Rdd1 Qd6 26. Ne5 e6 27. Nd3 Nd7 28. Ne2 Ne7 29. Qa5 Qb6 30. Qd2 Nf5 31. Bb2 Bf8 32. Rxc8 Rxc8 33. Rc1 Rc7 34. Bc3 Rc6 35. Ba5 Qb7 36. Nb4 Rc8 37. Rc2 Bd6 38. Qc1 Rxc2 39. Qxc2 Ne7 40. Nc1 Nb8 41. Ncd3 Nbc6 42. Nxc6 Qxc6 43. Qd2 Kg7 1/2-1/2

[Event "Muensterland Verbandsliga 2526"]
[Site "Germany"]
[Date "2025.11.15"]
[Round "3"]
[Board "8"]
[White "Hirschmueller, Bennet"]
[Black "Alan, Ada Baran"]
[Result "1-0"]
[WhiteElo "1715"]
[BlackElo "1780"]
[WhiteFideId "-1"]
[BlackFideId "-1"]
[PlyCount "55"]
[GameId "2247084170413794"]
[EventDate "2025.??.??"]
[EventType "team-tourn"]
[EventRounds "9"]
[EventCountry "GER"]
[SourceTitle "Verband Muensterland"]
[SourceDate "2025.11.13"]
[SourceVersion "1"]
[SourceVersionDate "2025.11.13"]
[SourceQuality "1"]
[WhiteTeam "Nienberge II"]
[BlackTeam "Emsdetten Rochade II"]
[WhiteTeamCountry "GER"]
[BlackTeamCountry "GER"]

1. e4 c5 2. Nc3 e6 3. Nf3 d5 4. Bb5+ Nc6 5. Ne5 Bd7 6. Nxc6 bxc6 7. Ba4 Bd6 8. d3 Nf6 9. Bg5 Qa5 10. Bd2 Qc7 11. g3 e5 12. O-O Qb6 13. exd5 cxd5 14. Bxd7+ Kxd7 15. Bg5 Qxb2 16. Qd2 d4 17. Na4 Qb5 18. Bxf6 gxf6 19. Rab1 Qxa4 20. Rb7+ Ke6 21. f4 f5 22. fxe5 Bxe5 23. Qg5 f6 24. Qg7 Rae8 25. Rfb1 Rhg8 26. Qf7+ Kd6 27. Rxa7 Qc6 28. Rb6 1-0

[Event "Muensterland Verbandsliga 2526"]
[Site "Germany"]
[Date "2025.11.15"]
[Round "3"]
[Board "1"]
[White "Hofene, Dieter"]
[Black "Vocke, Stefan"]
[Result "1/2-1/2"]
[WhiteElo "1951"]
[BlackElo "1916"]
[WhiteFideId "-1"]
[BlackFideId "-1"]
[PlyCount "105"]
[GameId "2249578627768608"]
[EventDate "2025.??.??"]
[EventType "team-tourn"]
[EventRounds "9"]
[EventCountry "GER"]
[SourceTitle "Verband Muensterland"]
[SourceDate "2025.11.13"]
[SourceVersion "1"]
[SourceVersionDate "2025.11.13"]
[SourceQuality "1"]
[WhiteTeam "Beelen"]
[BlackTeam "Ochtrup"]
[WhiteTeamCountry "GER"]
[BlackTeamCountry "GER"]

1. e4 c5 2. Nc3 Nc6 3. g3 g6 4. Bg2 Bg7 5. d3 e6 6. Be3 d6 7. Qd2 Nge7 8. Bh6 O-O 9. h4 f6 10. Bxg7 Kxg7 11. h5 g5 12. O-O-O h6 13. f4 Nd4 14. Nce2 e5 15. c3 Nxe2+ 16. Nxe2 Be6 17. Kb1 Qa5 18. Nc1 Nc6 19. Bh3 Bxh3 20. Rxh3 b5 21. Qe2 Qc7 22. Rh2 a5 23. Qg4 Qc8 24. Qxc8 Raxc8 25. Rf2 Rcd8 26. Rdf1 Ne7 27. Ne2 d5 28. Kc2 d4 29. fxe5 fxe5 30. cxd4 exd4 31. g4 Nc6 32. Ng3 Ne5 33. Rxf8 Rxf8 34. Rf5 Re8 35. b3 a4 36. Kd2 axb3 37. axb3 c4 38. dxc4 bxc4 39. bxc4 Nxc4+ 40. Kd3 Ne3 41. Ra5 Nxg4 42. Kxd4 Re6 43. e5 Kf7 44. Nf5 Kf8 45. Ne3 Nxe3 46. Kxe3 Rb6 47. Ra7 Rb4 48. Rh7 Rh4 49. Rxh6 Kf7 50. Kf3 Ke7 51. Ra6 Rxh5 52. Ke4 Rh1 53. Kf5 1/2-1/2

[Event "Muensterland Verbandsliga 2526"]
[Site "Germany"]
[Date "2025.11.15"]
[Round "3"]
[Board "2"]
[White "Boehlich, Daniel"]
[Black "Hanewinkel, Martin"]
[Result "1/2-1/2"]
[WhiteElo "2031"]
[BlackElo "1865"]
[WhiteFideId "-1"]
[BlackFideId "-1"]
[PlyCount "45"]
[GameId "2249578627768610"]
[EventDate "2025.??.??"]
[EventType "team-tourn"]
[EventRounds "9"]
[EventCountry "GER"]
[SourceTitle "Verband Muensterland"]
[SourceDate "2025.11.13"]
[SourceVersion "1"]
[SourceVersionDate "2025.11.13"]
[SourceQuality "1"]
[WhiteTeam "Ochtrup"]
[BlackTeam "Beelen"]
[WhiteTeamCountry "GER"]
[BlackTeamCountry "GER"]

1. d4 Nf6 2. c4 c5 3. d5 e6 4. Nc3 exd5 5. cxd5 d6 6. Nf3 g6 7. g3 a6 8. a4 Qc7 9. Bg2 Bg7 10. O-O O-O 11. Nd2 Nbd7 12. Nc4 Nb6 13. Ne3 Rb8 14. a5 Nbd7 15. Nc4 b5 16. axb6 Nxb6 17. Na5 Bd7 18. Bf4 Bb5 19. Nc6 Rb7 20. Na5 Rbb8 21. Nc6 Rb7 22. Na5 Rbb8 23. Nc6 1/2-1/2